Top 10 des meilleurs buteurs en Ligue 1 au 21ème siècle - Statistiques

Statistiques générales
  • Ce quiz a été pris 691 fois
  • Le résultat moyen est 6 sur 10
Statistiques - réponses
Nombre de but Nationalité Joueur % Correct
191 France Kylian Mbappe
99%
138 Uruguay Edinson Cavani
92%
113 Suède Zlatan Ibrahimovic
90%
146 France Alexandre Lacazette
73%
141 Portugal Pauleta
68%
161 France Wissam Ben Yedder
47%
103 France Dimitri Payet
44%
103 France André-Pierre Gignac
41%
122 France Bafetimbi Gomis
27%
102 France Jimmy Briand
19%
Aucun quiz correspondant
Distribution des résultats
% des personnes avec chaque résultat
Percentile par nombre de réponses
Votre historique - résultats
Vous n’avez pas pris ce quiz